| 000 | 00758nam a2200217 b 4500 | ||
|---|---|---|---|
| 001 | 00000000105996 | ||
| 003 | OSt | ||
| 005 | 20140829213005.0 | ||
| 008 | 020226s1950 arg 000 0cspa d | ||
| 040 |
_aZA-BP _cBMC |
||
| 082 | _a928-44 | ||
| 100 |
_aSainte-Beuve, Charles-Augustin _9849 _d1804-1869 |
||
| 245 | 1 | 0 |
_aRetratos contemporáneos _cC. Sainte-Beuve ; [traducción de Manuel Granel] |
| 260 |
_aBuenos Aires _bEspasa-Calpe _c1950 |
||
| 300 |
_a149 p. _c18 cm |
||
| 490 |
_aAustral _v1045 |
||
| 505 | _aContiene las biografías de: Eugenio Sué, Eugenio Scribe, Próspero Merimée, Teófilo Gautier Casimiro Delavigne y Benjamín Constant | ||
| 650 |
_91375 _aEscritores franceses _xBiografías |
||
| 700 |
_9429 _aGranell, Manuel |
||
| 942 |
_2ddc _cBK |
||
| 999 |
_c779 _d779 |
||